000 00517nam a2200169Ia 4500
008 100122s9999 xx 000 0 und d
082 _b72551
_a823.08
100 _aराय सत्यजित
245 _aप्रोफेसर. शंकू
250 _a2
260 _bसाकेत प्रकाशन
_c2007
300 _a115
630 _aप्रोफेसर. शंकू
700 _aगिते विलास
730 _aप्रोफेसर. शंकू
942 _cBOOK
999 _c388700
_d388697